Loading...
Literature - British Literature | 0 | 8 | 0 | 0 | 80 | 51 | 110.50 | 2 | 5 |
Fine Arts - Painting & Sculpture | 0 | 7 | 1 | 1 | 65 | 94 | 120.57 | 0 | 0 |
Literature - American Literature | 0 | 7 | 1 | 0 | 65 | 27 | 88.57 | 0 | 3 |
Literature - World Literature | 0 | 6 | 0 | 1 | 60 | 57 | 101.50 | 1 | 4 |
Literature - European Literature | 0 | 7 | 3 | 0 | 55 | 57 | 95.29 | 1 | 3 |
Fine Arts - Classical Music | 0 | 5 | 0 | 1 | 50 | 43 | 91.00 | 1 | 2 |
Fine Arts - Other Fine Arts | 0 | 5 | 0 | 0 | 50 | 70 | 100.00 | 0 | 0 |
Social Science | 0 | 3 | 0 | 0 | 30 | 100 | 113.00 | 0 | 1 |
Mythology | 0 | 3 | 0 | 0 | 30 | 86 | 111.33 | 0 | 1 |
History - Other History | 0 | 2 | 1 | 1 | 15 | 108 | 128.00 | 0 | 0 |
Current Events | 0 | 1 | 0 | 0 | 10 | 22 | 22.00 | 1 | 1 |
History - World History | 0 | 1 | 0 | 0 | 10 | 60 | 60.00 | 0 | 1 |
Philosophy | 0 | 1 | 0 | 1 | 10 | 127 | 127.00 | 0 | 0 |
Religion | 0 | 1 | 0 | 0 | 10 | 96 | 96.00 | 0 | 1 |
Other Academic | 0 | 1 | 1 | 1 | 5 | 154 | 154.00 | 0 | 0 |
Science - Other Science | 0 | 1 | 1 | 0 | 5 | 96 | 96.00 | 0 | 0 |
Geography | 0 | 0 | 1 | 0 | -5 | 0.00 | 0 | 0 |